| 000 | 00627nam a22002177a 4500 | ||
|---|---|---|---|
| 999 |
_c14158 _d14158 |
||
| 003 | AR-CdUCM | ||
| 008 | 190422b ||||| |||| 00| 0 spa d | ||
| 020 | _a978-84-9825-962-9 | ||
| 040 |
_aMUNICIPALIDAD PROVINCIAL DEL CUSCO _cBIBLIOTECA MUNICIPAL DEL CUSCO |
||
| 041 | _hita | ||
| 082 |
_aPI / 376.1 / _bD57 |
||
| 100 |
_aDeneux, Xavier _932828 |
||
| 245 | _aMi pequeña sabana / | ||
| 260 |
_aBarcelona : _bCombel, _c2015. |
||
| 300 |
_bfiguras, _c16 cm. |
||
| 650 |
_aEducación _9460 |
||
| 650 |
_aCuentos infantiles _93927 |
||
| 650 |
_aLiteratura infantil _9588 |
||
| 942 |
_2ddc _cLIBROS |
||
| 945 |
_aachl _d2019-04-22 |
||